| 000 | 00690nam a2200217 a 4500 | ||
|---|---|---|---|
| 001 | 25236 | ||
| 003 | CO-ViMGA | ||
| 008 | 141112s2004 ck r 000 u spa d | ||
| 020 | _a843292606X | ||
| 040 |
_aCO-ViMGA _bspa _cCO-ViMGA |
||
| 082 | 0 | 4 | _a721.2 P769 |
| 245 | 1 | 0 |
_aEnciclopedia Ceac del Encargado de Obras : _bproyectos |
| 250 | _a3a. ed | ||
| 260 |
_aBarcelona : _bEdiciones Ceac, _c1981 |
||
| 300 | _a303 p. : ilus., planos ; 24 cm. | ||
| 591 | _a728.1 E52p 3a. ed. 61972 Compra 1984 1869 1869 | ||
| 650 | 1 | 4 |
_aArquitectura domestica - DiseƱos y planos _938447 |
| 930 | _alch | ||
| 942 |
_2ddc _cBK |
||
| 949 | _a728.1 E52p 3a. ed. D.SAMPER LIBRO DEWEY DEWEY COMPRA GENERAL Y Y | ||
| 999 |
_c32862 _d32862 |
||